DC Characters - Statystyki

Ogólne statystyki
  • Ten quiz został rozwiązany 72 razy
    22 od ostatniego zresetowania
  • Średni wynik to 54 z 294
Statystyki odpowiedzi
Letter Odpowiedź % Poprawnych
B Batman
100%
S Superman
95%
R Robin
89%
B Batgirl
84%
F Flash (Barry Allen)
84%
F Flash (Jay Garrick)
84%
W Wonder Woman
84%
A Alfred Pennyworth
79%
A Aquaman
79%
H Harley Quinn
79%
J Joker
79%
S Supergirl
79%
C Catwoman
74%
L Lex Luthor
74%
N Nightwing
74%
R Red Hood
74%
C Cyborg
68%
G Green Lantern (Abin Sur)
68%
G Green Lantern (Guy Gardner)
68%
G Green Lantern (Hal Jordan)
68%
G Green Lantern (John Stewart)
68%
G Green Lantern (Kilowog)
68%
B Bane
63%
S Shazam!
63%
B Batwoman
58%
B Blue Beetle
58%
D Deadshot
58%
G Green Arrow (Connor Hawke)
58%
G Green Arrow (Oliver Queen)
58%
P Penguin
58%
R Reverse Flash (Hunter Zolomon)
58%
R Riddler
58%
T Two-Face
58%
D Darkseid
53%
K Killer Croc
53%
S Scarecrow
53%
A Atom
47%
B Black Adam
47%
B Black Manta
47%
C Clayface
47%
C Commissioner Gordon
47%
H Hawk
47%
K Kid Flash
47%
M Mister Freeze
47%
R Raven
47%
B Beastboy
42%
B Blackfire
42%
C Cheetah
42%
D Deathstroke
42%
D Doomsday
42%
L Lois Lane
42%
P Plastic Man
42%
P Poison Ivy
42%
R Ra's al Ghul
42%
R Reverse Flash (Eobard Thawne)
42%
S Starfire
42%
A Ares
37%
B Black Canary
37%
C Captain Boomerang
37%
H Hawkgirl
37%
H Hawkman
37%
S Superboy (Conner Kent)
37%
S Superboy (Jon Kent)
37%
Z Zatanna
37%
A Arsenal
32%
A Atrocitus
32%
B Black Mask
32%
D Doctor Fate
32%
G General Zod
32%
K King Atlan
32%
K Krypto
32%
M Mad Hatter
32%
M Man-Bat
32%
S Superwoman
32%
B Bumblebee
26%
F Firefly
26%
F Firestorm
26%
P Peacemaker
26%
S Solomon Grundy
26%
V Victor Zsasz
26%
A Amanda Waller
21%
A Aqualad
21%
A Artemis
21%
A Azrael
21%
B Batman Who Laughs
21%
H Hellblazer
21%
H Huntress
21%
J Jimmy Olsen
21%
K King Shark
21%
L Lobo
21%
L Lucius Fox
21%
M Mera
21%
P Professor Pyg
21%
R Red Robin
21%
R Red Tornado
21%
W Wonder Girl
21%
B Brainiac
16%
C Captain Cold
16%
E El Diablo
16%
E Enchantress
16%
H Hugo Strange
16%
I Iris West Allen
16%
K Katana
16%
M Martian Manhunter
16%
M Mister Terrific
16%
R Rick Flag
16%
S Saint Walker
16%
S Sinestro
16%
S Spoiler
16%
S Star Sapphire
16%
T Talia al Ghul
16%
T Thomas Wayne
16%
T Trigon
16%
U Ultraman
16%
V Vandal Savage
16%
V Vibe
16%
V Vigilante
16%
Z Zeus
16%
B Bizarro
11%
B Black Lightning
11%
B Bloodsport
11%
C Calendar Man
11%
C Commander Steel
11%
D Damien Darhk
11%
D Doctor Sivana
11%
D Dove
11%
G Gorilla Grodd
11%
H Heat Wave
11%
J John Diggle
11%
J Jonathan Kent
11%
J Jor-El
11%
K Killer Frost
11%
M Miss Martian
11%
O Ocean Master
11%
P Polka-Dot Man
11%
R Ratcatcher
11%
R Ratcatcher 2
11%
R Rip Hunter
11%
S Stargirl
11%
S Steppenwolf
11%
T Thinker
11%
V Vixen
11%
W Weasel
11%
W White Canary
11%
W Wonder Boy
11%
A Antiope
5%
B Batwing
5%
B Black Beetle
5%
B Booster Gold
5%
B Bronze Tiger
5%
C Citizen Steel
5%
C Copperhead
5%
D Dex-Starr
5%
D Doctor Manhattan
5%
D Doctor Mid-Nite
5%
G Gotham
5%
G Granny Goodness
5%
G Grid
5%
H Hades
5%
H Hera
5%
H Hercules
5%
H Hourman (Rex Tyler)
5%
H Hourman (Rick Tyler)
5%
H Hush
5%
J Jinx
5%
K Killer Moth
5%
L Larfleeze
5%
M Martha Kent
5%
M Maxwell Lord
5%
M Mongul
5%
N Negative Man
5%
N Nuidis Vulko
5%
O Obsidian
5%
O Orion
5%
O Orphan
5%
O Owlman
5%
P Phantasm
5%
P Punch
5%
Q Queen Hippolyta
5%
R Ragman
5%
R Ravager
5%
S Sabbac
5%
S Signal
5%
S Starro the Conqueror
5%
S Steve Trevor
5%
S Swamp Thing
5%
T Terra
5%
T The Detachable Kid
5%
W White Dragon
5%
A Animal Man
0%
A Anti-Monitor
0%
A Arella
0%
A Asteria
0%
A Atomica
0%
A Atom Smasher
0%
B Batman Beyond
0%
B Bat-Mite
0%
B Batzarro
0%
B Big Barda
0%
B Bizarra
0%
B Black Jack
0%
B Blockbuster
0%
B Bluebird
0%
B Brother Blood
0%
B Brutus
0%
C Captain Murk
0%
C Cheshire
0%
C Chief
0%
C China White
0%
C Chronos
0%
C Clock King
0%
C Cluemaster
0%
C Comedian
0%
C Condiment King
0%
C Count Vertigo
0%
C Cyclone
0%
C Cyzarro
0%
D Damage
0%
D Deathstorm
0%
D DeSaad
0%
D Detective Chimp
0%
D Doctor Blizzard
0%
D Doctor Light
0%
D Doctor Pharm
0%
E Egghead
0%
E Elasti-Girl
0%
E Emilia Harcourt
0%
E Engineer
0%
F Felix Faust
0%
G Gizmo
0%
G Gotham Girl
0%
G Greenzarro
0%
G Guardian
0%
J Janey Slater
0%
J Jericho Wilson
0%
J Jewelee
0%
J John Economos
0%
J Johnny Quick
0%
K Kalibak
0%
K Kelex
0%
K King Nereus
0%
K Kite Man
0%
K Klarion the Witch Boy
0%
K Knockout
0%
K Komodo
0%
L Lady Arkham
0%
L Lady Shiva
0%
L Lara Lor-Van
0%
L Lawless
0%
L Lena Luthor
0%
L Livewire
0%
M Malcolm Merlyn
0%
M Marilyn Moonlight
0%
M Martha Wayne
0%
M Mercy Graves
0%
M Metallo
0%
M Metamorpho
0%
M Mirror Master
0%
M Mister Graft
0%
M Mister Miracle
0%
M Mister Mxyzptlk
0%
M Mother Mayhem
0%
N Nite Owl
0%
O OMAC
0%
O Ozymandias
0%
P Parasite
0%
P Perry White
0%
P Phantom Stranger
0%
P Power Girl
0%
P Powerhouse
0%
P Power Ring
0%
P Prankster
0%
P Psycho-Pirate
0%
Q Queen Atlanna
0%
Q Question
0%
R Robotman
0%
R Rorschach
0%
S Scandal Savage
0%
S Sea King
0%
S Shadow
0%
S Shaggy Man
0%
S Silk Spectre
0%
S Silver Banshee
0%
S Solovar
0%
T Talon
0%
T Thomas Curry
0%
T Tommy Merlyn
0%
T Toyman
0%
T Turtle
0%
U Ultra-Humanite
0%
W Weather Wizard
0%
W White Lightning
0%
W Wonder Twins
0%
Z Zumbado
0%
Nie znaleziono quizów pasujących do podanych kryteriów
Rozkład punktacji
Procent ludzi z każdym wynikiem
Percentyl według liczby udzielonych odpowiedzi
Twoja historia wyników
Nie rozwiązałeś tego quizu od ostatniego zresetowania